000
00248nam a2200097 a 4500
005
20201002035707.0
008
131015s1995 000 spa d
245
0
_a
Encuentros en los conchales fueguinos.
260
_a
Madrid,
_c
1995.
999
_c
41152
_d
41152
040
_a
DO-SdBNP